| 000 | 01373pam a2200361 i 4500 | ||
|---|---|---|---|
| 020 | _a0471014591 | ||
| 082 | 0 | 0 |
_a624.18341 _bFER _cL-19, P-66 |
| 100 | 1 |
_aFerguson, Phil Moss, _93514 |
|
| 245 | 1 | 0 |
_aReinforced concrete fundamentals / _cPhil M. Ferguson. |
| 250 | _a4th ed. | ||
| 260 |
_aNew York : _bWiley, _cc1979. |
||
| 300 |
_aviii, 724 p. : _bill. ; _c24 cm. |
||
| 526 |
_a0 _b0 _c0 _d624_183410000000000_FER |
||
| 526 |
_a0 _b0 _c0 _d624_183410000000000_FER |
||
| 526 |
_a0 _b0 _c0 _d624_183410000000000_FER |
||
| 526 |
_a0 _b0 _c0 _d624_183410000000000_FER |
||
| 526 |
_a0 _b0 _c0 _d624_183410000000000_FER |
||
| 526 |
_a0 _b0 _c0 _d624_183410000000000_FER |
||
| 526 |
_a0 _b0 _c0 _d624_183410000000000_FER |
||
| 526 |
_a0 _b0 _c0 _d624_183410000000000_FER |
||
| 526 |
_a0 _b0 _c0 _d624_183410000000000_FER |
||
| 526 |
_a0 _b0 _c0 _d624_183410000000000_FER |
||
| 526 |
_a0 _b0 _c0 _d624_183410000000000_FER |
||
| 526 |
_a0 _b0 _c0 _d624_183410000000000_FER |
||
| 526 |
_a0 _b0 _c0 _d624_183410000000000_FER |
||
| 526 |
_a0 _b0 _c0 _d624_183410000000000_FER |
||
| 650 | 0 |
_aMCE _9379 |
|
| 650 | 0 | _aReinforced concrete construction. | |
| 856 | 4 | 1 | _uhttp://www.loc.gov/catdir/enhancements/fy0607/78021555-t.html |
| 856 | 4 | 2 | _uhttp://www.loc.gov/catdir/enhancements/fy0607/78021555-b.html |
| 856 | 4 | 2 | _uhttp://www.loc.gov/catdir/enhancements/fy0607/78021555-d.html |
| 942 |
_2ddc _cBK |
||
| 999 |
_c547003 _d547003 |
||